Archaic Words - Statistics

General Stats
  • This quiz has been taken 44,725 times
    34,641 since last reset
  • The average score is 13 of 21
Answer Stats
Definition Example Word % Correct
Your Love ___ neighbor. Thy
96%
You With this ring, I ____ wed. Thee
87%
You O __ of little faith. Ye
85%
Are How great thou ___. Art
83%
To here Come ______. Hither
77%
Your To _____ own self be true. Thine
73%
Opposite of nay Vote ___ for Scottish independence. Aye
72%
Comes The iceman ______. Cometh
71%
Do (second person) But why ____ thou judge thy brother? Dost
70%
Has Thirty days ____ September. Hath
69%
From where Begone, foul beast. I will banish you _____ you came. Whence
60%
Have What ___ thou wrought? Hast
57%
Between Let there now be an oath _______ us. Betwixt
54%
To there Oh, let me escape ______. Thither
53%
Brothers A servant of servants shall he be unto his _______. Brethren
52%
Before Able was I ___ I saw Elba. Ere
46%
Two Never the _____ shall meet. Twain
46%
It seems to me The lady doth protest too much, ________. Methinks
44%
Truthfully _____, I say unto you Verily
34%
To where ______ goest thou? Whither
25%
Expression of sorrow _____ and alas. Alack
24%
No matching quizzes found
Score Distribution
Percent of People with Each Score
Percentile by Number Answered
Your Score History
You have not taken this quiz since the last reset